000 00693nam a22002177a 4500
003 OSt
005 20250715082813.0
008 250715b |||||||| |||| 00| 0 eng d
020 _a9781266285998
040 _aDWC-Main Lib
_cOC
082 _aCirc. 657.45 Au912 2024
100 _aLouwers, Timothy J.
245 _aAuditing and assurance service/
_cTimothy J. Louwers [and four others]
250 _aNinth edition
260 _aNew York :
_bMcGraw Hill,
_cc2024.
300 _axxix, 962 pages :
_bcolor illustrations ;
_c28cm.
650 _a1. Assurance services
650 _a2. Auditing
650 _a3. Financial statement- auditing
942 _2ddc
_cBK-CIRC
_eNinth edition
_kCirc.
_n0
999 _c3686
_d3686